Città italiane per immagine - Difficile - Statistics

Statistiche generali
  • Questo quiz è stato fatto 64 volte
  • Il punteggio medio è 7 su 16
Statistiche sulle risposte
con Immagini Risposta % Corretto
Alberobello
81%
Matera
73%
Agrigento
69%
Assisi
69%
Trieste
56%
Lucca
48%
Ferrara
44%
Mantova
44%
Palmanova
37%
Capri
29%
Cortina d'Ampezzo
29%
Parma
29%
San Gimignano
27%
Padova
23%
Portovenere
15%
Gangi
6%
Nessun quiz corrispondente trovato
Distribuzione punteggi
Percentuale di utenti per punteggio
Percentile per numero di risposta
I tuoi punteggi nel tempo
Non hai fatto questo quiz